Statistics for Queens with Single Word Names on RuPaul's Drag Race

Click here to take the quiz!

General Stats

  • This quiz has been taken 604 times
    (106 since last reset)
  • The average score is 70 of 129

Answer Stats

SEASONQUEENS% Correct
USA 5Alaska
91%
USA 2Jujubee
88%
USA 3Raja
88%
USA 1Shannel
88%
USA 5Detox
86%
USA 12Jan
86%
USA 7Katya
86%
USA 2Raven
86%
USA 1Ongina
84%
USA 16Q
84%
FRANCE 2Rose
84%
USA 13Rosé
84%
USA 15Sugar
83%
USA 1Akashia
81%
USA 9Eureka
81%
CANADA 1Jimbo
81%
USA 6Milk
81%
USA 15Spice
81%
USA 15Anetra
79%
USA 1Jade
79%
USA 13Symone
79%
USA 2Tatianna
79%
USA 9Aja
78%
USA 16Plasma
78%
USA 9Valentina
78%
USA 15Amethyst
76%
USA 14Bosco
76%
USA 16Dawn
76%
USA 10Aquaria
72%
USA 12Brita
72%
USA 13Gottmik
72%
USA 16Mirage
72%
USA 7Pearl
72%
USA 9Peppermint
72%
USA 2Shangela
72%
USA 2Sonique
72%
USA 15Jax
71%
USA 14Jorgeous
71%
CANADA 1Lemon
71%
USA 16Megami
71%
FRANCE 1Paloma
71%
USA 13Denali
69%
FRANCE 2Keiona
69%
CANADA 1Priyanka
69%
USA 13Utica
67%
USA 6Vivacious
67%
USA 7Max
66%
USA 3Phoenix
66%
USA 11Soju
66%
USA 4Willam
66%
UK 2Tayce
64%
FRANCE 2Punani
62%
CANADA 4Venus
62%
USA 4Milan
60%
UK 2A'Whora
59%
UK 1Crystal
57%
DOWN UNDER 3Flor
55%
BELGIQUE 2Star
55%
ESPAÑA 1Sagittaria
53%
CANADA 1BOA
52%
FRANCE 2Moon
52%
BRASIL 1Organzza
52%
DOWN UNDER 3Amyl
50%
UK 4Baby
50%
MEXICO 1Matraka
50%
UK 4Starlet
50%
UK 3Anubis
48%
CANADA 4Denim
48%
CANADA 2Pythia
48%
ESPAÑA 2Sharonne
48%
FRANCE 1Elips
47%
USA 3Mariah
47%
ESPAÑA 3Pakita
47%
FRANCE 2Piche
47%
FRANCE 2Vespi
47%
UK 5Banksie
45%
CANADA 2Beth
45%
CANADA 1Kyne
45%
ESPAÑA 3Pitita
45%
HOLLAND 2Vivaldi
45%
PHILIPPINES 1Xilhouete
45%
UK 5DeDeLicious
43%
PHILIPPINES 1Prince
43%
SVERIGE 1Fontana
41%
HOLLAND 1Sederginne
41%
CANADA 3Bombae
40%
GERMANY 1Metamorkid
40%
HOLLAND 1Roem
40%
CANADA 2Adriana
38%
THAILAND 2Bandit
38%
PHILIPPINES 2Bernie
38%
SVERIGE 1Endigo
38%
CANADA 1Kiara
38%
BELGIQUE 1Susan
38%
THAILAND 1JAJA
36%
ESPAÑA 2Marina
36%
BELGIQUE 2Morphae
36%
BELGIQUE 2Alvilda
34%
PHILIPPINES 1Corazon
34%
SVERIGE 1Elecktra
34%
THAILAND 2Genie
34%
ESPAÑA 1Inti
34%
ESPAÑA 2Onyx
34%
HOLLAND 2Tabitha
34%
PHILIPPINES 1Turing
34%
ESPAÑA 3Visa
34%
PHILIPPINES 1Brigiding
33%
CANADA 3Kaos
33%
BRASIL 1Aquarela
31%
BELGIQUE 1Peach
31%
BELGIQUE 1Valenciaga
31%
ITALIA 1Divinity
29%
BELGIQUE 2Gabanna
29%
BRASIL 1Naza
29%
MEXICO 1Argennis
28%
ESPAÑA 3Bestiah
28%
ITALIA 2Gioffré
28%
ITALIA 2Obama
28%
THAILAND 2Srimala
28%
THAILAND 1Amadiva
26%
THAILAND 1Morrigan
26%
THAILAND 1Petchra
26%
ITALIA 2Skandalove
26%
ITALIA 3Sypario
26%
THAILAND 2Tormai
26%
PHILIPPINES 2Matilduh
24%
ITALIA 2Nehellenia
24%
ITALIA 2Narciso
22%
ITALIA 3Vezirja
21%

Score Distribution

Percentile by Number Answered

Percent of People with Each Score

Your Score History

You have not taken this quiz since the last reset